|
|
|
|
| LEADER |
02083cam a2200577 i 4500 |
| 001 |
nkc20162787292 |
| 003 |
CZ PrNK |
| 005 |
20170710133641.0 |
| 007 |
ta |
| 008 |
160127s2015 xr ach g 000 0bcze d |
| 015 |
|
|
|a cnb002787292
|
| 020 |
|
|
|a 978-80-86274-90-4
|q (vázáno)
|
| 035 |
|
|
|a (OCoLC)1000503470
|
| 035 |
|
|
|a (OCoLC)53262073
|
| 040 |
|
|
|a KVG001
|b cze
|d BOA001
|e rda
|
| 043 |
|
|
|a e-xr---
|b e-xr-cc
|2 czenas
|
| 045 |
|
|
|a x3x7
|
| 072 |
|
7 |
|a 821.162.3.09
|x Česká literatura (o ní)
|2 Konspekt
|9 11
|
| 072 |
|
7 |
|a 929
|x Biografie
|2 Konspekt
|9 8
|
| 080 |
|
|
|a 821.162.3-051
|2 MRF
|
| 080 |
|
|
|a 929
|2 MRF
|
| 080 |
|
|
|a (437.31-191.2)
|2 MRF
|
| 080 |
|
|
|a (092)
|2 MRF
|
| 080 |
|
|
|a (0:82-94)
|2 MRF
|
| 100 |
1 |
|
|a Pechová, Jaroslava,
|d 1950-
|7 jk01092345
|4 aut
|4 pht
|
| 245 |
1 |
0 |
|a Zpáteční lístek do posledního ráje Oty Pavla /
|c Jaroslava Pechová ; foto Milan Richtermoc, Jaroslava Pechová
|
| 250 |
|
|
|a 6. vydání - upravené a rozšířené
|
| 264 |
|
1 |
|a Praha :
|b Laguna,
|c 2015
|
| 300 |
|
|
|a 159 stran :
|b barevné ilustrace, portréty, faksimile ;
|c 22 cm
|
| 336 |
|
|
|a text
|b txt
|2 rdacontent
|
| 337 |
|
|
|a bez média
|b n
|2 rdamedia
|
| 338 |
|
|
|a svazek
|b nc
|2 rdacarrier
|
| 504 |
|
|
|a Obsahuje bibliografii a bibliografické odkazy
|
| 600 |
1 |
7 |
|a Pavel, Ota,
|d 1930-1973
|7 jk01092027
|2 czenas
|
| 648 |
|
7 |
|a 20. století
|7 ch460558
|2 czenas
|
| 648 |
|
4 |
|a 1930-1973
|
| 650 |
0 |
7 |
|a čeští spisovatelé
|7 ph128175
|y 20. století
|2 czenas
|
| 650 |
0 |
9 |
|a Czech authors
|y 20th century
|2 eczenas
|
| 651 |
|
7 |
|a Berounka (Česko : řeka : oblast)
|7 ge128395
|2 czenas
|
| 651 |
|
9 |
|a Berounka River Region (Czechia)
|2 eczenas
|
| 655 |
|
7 |
|a biografie
|7 fd131909
|2 czenas
|
| 655 |
|
7 |
|a vzpomínky
|7 fd133830
|2 czenas
|
| 655 |
|
9 |
|a biography
|2 eczenas
|
| 655 |
|
9 |
|a reminiscences
|2 eczenas
|
| 700 |
1 |
|
|a Richtermoc, Milan
|7 ola2006323513
|4 pht
|
| 910 |
2 |
|
|a BOA001
|b 2-1378.844
|
| 920 |
|
|
|a 000538606
|z KVG001
|
| 990 |
|
|
|a BK
|
| 995 |
|
|
|a 01
|
| 991 |
|
|
|b 201702
|c NOV
|
| 996 |
6 |
|
|b 2610695608
|c 2-1378.844
|l MZK
|r Sklad / do 1 hodiny
|n 0
|p p.v.
|w 001597524
|u 000010
|a 1
|e BOA001
|j MZK50
|s P
|